• 首页
  • 本馆介绍
  • 公告通知
  • 最新文献
  • 馆藏检索
  • 电子资源
  • 读者导购
  • 参考咨询
  • 我的图书馆
  • 登录
  • 详细信息显示
  • 放入我的书架
  • 预约/预借图书
  • 作者相关作品
  • 分类相关作品
  • 丛书相关作品
  • 出版社相关作品

书目信息

  • 表格格式
  • 工作单格式
  • 卡片格式
题名:
当代运动与艺术潮流
    
 
作者: 武朋 编著
分册:   篮球专业技巧及NBA欣赏
出版信息: 长春   吉林出版集团有限责任公司  2015
页数: 213页
开本: 23cm
丛书名:
单 册:
中图分类: G-49 , G819
科图分类:
主题词: 体育事业--通俗读物--世界 , 篮球运动--基本知识
电子资源:
ISBN: 978-7-5534-6205-9
000 00821nam0 2200241 450
001 2365883564
005 20231128224258.74
010    @a978-7-5534-6205-9@dCNY28.00
100    @a20160202d2015 em y0chiy50 ea
101 0  @achi
102    @aCN@b220000
105    @ay z 000yd
200 1  @a当代运动与艺术潮流@Adang dai yun dong yu yi shu chao liu@i篮球专业技巧及NBA欣赏@b专著@f武朋编著
210    @a长春@c吉林出版集团有限责任公司@d2015
215    @a213页@d23cm
330    @a本书介绍篮球运动基本知识,内容包括篮球运动的诞生、动作技巧、篮球技巧练习与提高、篮球战术、NBA联赛简介、篮球比赛的十大怪人故事等。
606 0  @a体育事业@j通俗读物@x世界
606 0  @a篮球运动@x基本知识
690    @aG-49@v5
690    @aG819@v4
701  0 @a武朋@Awu peng@4编著
801  0 @aCN@b91MARC@c20160516
905    @aZUCC@dG819@e7:3
    
    当代运动与艺术潮流.篮球专业技巧及NBA欣赏/武朋编著.-长春:吉林出版集团有限责任公司,2015
    213页;23cm
    
    
    ISBN 978-7-5534-6205-9:CNY28.00
    本书介绍篮球运动基本知识,内容包括篮球运动的诞生、动作技巧、篮球技巧练习与提高、篮球战术、NBA联赛简介、篮球比赛的十大怪人故事等。
●
相关链接 在五车中查询图书 在当当中查询图书 在豆瓣中查询图书


正题名:当代运动与艺术潮流     索取号:G819/7:3         预约/预借

序号 登录号 条形码 馆藏地/架位号 状态 备注
1 2001013127   2001013127   315书库/四8架B面5层1列/ [索取号:G819/7:3] 在馆    
2 2001013128   2001013128   315书库/四8架B面5层1列/ [索取号:G819/7:3] 在馆    
3 2001013129   2001013129   315书库/四8架B面5层1列/ [索取号:G819/7:3] 在馆    
4 2001013130   2001013130   315书库/四8架B面5层1列/ [索取号:G819/7:3] 在馆    
5 2001013131   2001013131   315书库/四8架B面5层1列/ [索取号:G819/7:3] 在馆    
6 2001013132   2001013132   315书库/四8架B面5层1列/ [索取号:G819/7:3] 在馆    
山东省滨州职业学院图书馆 欢迎您!
大连网信软件有限公司© 版权所有